Normal view MARC view
  • Shaheen, PC Sheryar (TCC-7)

Entry Personal Name

Number of records used in: 1

001 - CONTROL NUMBER

  • control field: 131770

003 - CONTROL NUMBER IDENTIFIER

  • control field: NUST

005 - DATE AND TIME OF LATEST TRANSACTION

  • control field: 20251110190414.0

008 - FIXED-LENGTH DATA ELEMENTS

  • fixed length control field: 251110|| aca||aabn | a|a d

040 ## - CATALOGING SOURCE

  • Original cataloging agency: NUST
  • Transcribing agency: NUST

100 ## - HEADING--PERSONAL NAME

  • Personal name: Shaheen, PC Sheryar (TCC-7)

670 ## - SOURCE DATA FOUND

  • Source citation: Work cat.: (NUST)182612: Shaheen, PC Sheryar (TCC-7), Full duplex video communication through optical fiber /, 1999
© 2023 Central Library, National University of Sciences and Technology. All Rights Reserved.